Представление документа в формате RUSMARC

ПолеНазваниеЗначение
  Тип записи a
  Библиографический уровень a
001 Контрольный номер RU/CBS_UL/BASE/598910884
005 Дата корректировки 20240209175235.6
100 Данные общей обработки __
a Данные общей обработки 20181223d2018 ||| 0rusy0189 ca
101 Язык документа 0_
a Язык текста rus
102 Страна публикации __
a Страна публикации RU
105 Кодированные данные (монография) __
a Кодированные данные (монография) y###||||000|y
200 Заглавие и сведения об ответственности 1_
a Заглавие Делаем открытки к Рождеству
b Общее обозначение материала Текст
e Сведения, относящиеся к заглавию [мастер-класс]
f Первые сведения об ответственности М. Тумова
300 Общие примечания __
a Общие примечания Ограничения по возрасту - 16+
461 Уровень набора _0
1 2000
a Клуб
463 Уровень физической единицы _0
1 001RU/CBS_UL/BASE/598819078
1 2000
a № 12
v С. 30 : цв. фото
1 210
d 2018
606 Тематические рубрики 0_
a Основная рубрика Рукоделие - Открытки самодельные
610 Ключевые слова 0_
a Ключевые слова открытки
a Ключевые слова открытки рождественнские
a Ключевые слова открытки самодельные
a Ключевые слова открытки винтажные
a Ключевые слова мастер-классы
a Ключевые слова поделки рождественские
686 Индексы других классификаций __
a Классификационный индекс 37.248
2 Код системы ББК
700 Автор _1
a Фамилия Тумова
b Имя (инициалы) М.
801 Источник записи _0
a Страна RU
b Организация МБУК ЦБС г. Ульяновска
c Дата составления 20181223
g Правила каталогизации RCR
801 Источник записи _1
a Страна RU
b Организация МБУК ЦБС г. Ульяновска
c Дата составления 20181223
g Правила каталогизации RCR
901 Тип документа __
t Тип документа b
w Контрольный № источника RU/CBS_UL/BASE/598819078
910 Корректоры записи __
a Корректор записи Библиотека 1
938 Служебная информация __
a Имя БД period